000 01017nam a22003137a 4500
999 _c510
_d510
001 003172
003 CoMeUDC003172
005 20181218002406.0
008 021208s2002 ck rl 00110 spa d
015 _ack-2002-xxxx
020 _a9589705111
035 _aAHN6679 LA
040 _ala
_cCoMeUDC
041 0 _aspa
043 _as-ck---
082 0 4 _a350.8
_bC65a
_219 ed.
110 1 _aColombia.
240 1 0 _aLeyes, etc.
245 1 0 _aAl pie de la norma :
_bservicios públicos domiciliarios /
_cEmpresas Públicas de Medellén. Secretaría General.
250 _a2a. ed.
_brevisada y aumentada.
260 _aMedellín :
_bEmpresa Públicas de Medellín,
_c2002.
300 _a552 p. ;
_c24 cm.
500 _aincluye índice.
650 0 _aServicios públicos
_x Legislación
_z Colombia.
_9879
650 0 _aServicios públicos domiciliarios
_x Legislación
_z Colombia.
_9880
710 _aEmpresas Públicas de Medellín.
_bSecretara̕ General.
_9881
942 _2ddc
_cBK
949 _ac
_bc